Los premios Pulitzer de novela. (Record no. 178534)

MARC details
000 -LEADER
campo de control de longitud fija 00645nam a22001815i 4500
001 - NÚMERO DE CONTROL
campo de control 178534
003 - IDENTIFICADOR DE NÚMERO DE CONTROL
campo de control ES-MaACL
005 - FECHA Y HORA DE LA ÚLTIMA TRANSACCIÓN
campo de control 20240418143805.0
008 - DATOS DE LONGITUD FIJA--INFORMACIÓN GENERAL
campo de control de longitud fija 110607s1959 sp |||| | spa d
080 ## - NÚMERO DE LA CLASIFICACIÓN DECIMAL UNIVERSAL
Número de la Clasificación Decimal Universal 821.111(73)-31"19"(082.2)
245 04 - MENCIÓN DEL TÍTULO
Título Los premios Pulitzer de novela.
Número de parte o sección de la obra V.
260 ## - PUBLICACIÓN, DISTRIBUCIÓN, ETC.
Lugar de publicación, distribución, etc. Barcelona :
Nombre del editor, distribuidor, etc. Plaza & Janés,
Fecha de publicación, distribución, etc. 1959.
300 ## - DESCRIPCIÓN FÍSICA
Extensión 1646 p. ;
Dimensiones 19 cm.
505 80 - NOTA DE CONTENIDO CON FORMATO
Nota de contenido con formato Contiene: La extraordinaria familia MacLaughlin / Margaret Wilson. Guardia de honor / James Gould Cozzens. Andersonville / Mackinlay Kantor
650 #7 - PUNTO DE ACCESO ADICIONAL DE MATERIA--TÉRMINO DE MATERIA
Término de materia o nombre geográfico como elemento de entrada Novela norteamericana
Fuente del encabezamiento o término
9 (RLIN) 146954
852 ## - LOCALIZACIÓN
Ubicación ES-MaACL
Número de control de estantería E-15301
Encuadernación Olim P-103
Holdings
Estatus retirado Estado de pérdida Estado de daño No para préstamo Biblioteca de origen Biblioteca actual Ubicación en estantería Fecha de adquisición Fuente de adquisición Total de préstamos Signatura topográfica completa Código de barras Visto por última vez Precio de reemplazo Tipo de ítem Koha
        Biblioteca del Ateneo de Madrid Biblioteca del Ateneo de Madrid Depósito 2 07/06/2011     E-15301 1187539 23/02/2023 23/02/2023 Libro impreso